Countries of the World Quiz - Impossible - Statistics

General Stats
  • This quiz has been taken 869 times
  • The average score is 148 of 196
Answer Stats
Country % Correct
United States
91%
Canada
89%
United Kingdom
86%
Mexico
84%
Russia
84%
France
83%
Argentina
82%
Australia
82%
China
82%
India
82%
Sweden
82%
Brazil
81%
Chile
81%
Finland
81%
Iceland
81%
Ireland
81%
Spain
81%
Belgium
80%
Cuba
80%
Denmark
80%
Lithuania
80%
New Zealand
80%
Norway
80%
Pakistan
80%
Poland
80%
Afghanistan
79%
Andorra
79%
Colombia
79%
Dominican Republic
79%
Germany
79%
Greece
79%
Italy
79%
Jamaica
79%
Japan
79%
North Korea
79%
Panama
79%
Paraguay
79%
Portugal
79%
Saudi Arabia
79%
South Korea
79%
Uruguay
79%
Venezuela
79%
Algeria
78%
Austria
78%
Bolivia
78%
Democratic Republic of the Congo
78%
Egypt
78%
Estonia
78%
Honduras
78%
Iran
78%
Iraq
78%
Latvia
78%
Luxembourg
78%
Netherlands
78%
Oman
78%
Romania
78%
San Marino
78%
Slovakia
78%
Thailand
78%
Ukraine
78%
Vatican City
78%
Yemen
78%
Albania
77%
Ecuador
77%
Guatemala
77%
Israel
77%
Kazakhstan
77%
Liechtenstein
77%
Malaysia
77%
Mongolia
77%
Nepal
77%
Niger
77%
Peru
77%
Serbia
77%
Slovenia
77%
South Africa
77%
Switzerland
77%
Syria
77%
Turkey
77%
Uzbekistan
77%
Vietnam
77%
Bulgaria
76%
Cambodia
76%
Croatia
76%
Haiti
76%
Indonesia
76%
Kenya
76%
Laos
76%
Morocco
76%
Nicaragua
76%
Qatar
76%
Republic of the Congo
76%
South Sudan
76%
Suriname
76%
Turkmenistan
76%
Armenia
75%
Bahamas
75%
Barbados
75%
Costa Rica
75%
Czech Republic
75%
El Salvador
75%
Fiji
75%
Guyana
75%
Hungary
75%
Kosovo
75%
Libya
75%
Monaco
75%
Myanmar
75%
Nigeria
75%
Singapore
75%
Sudan
75%
Taiwan
75%
Tajikistan
75%
Angola
74%
Azerbaijan
74%
Bangladesh
74%
Belize
74%
Bhutan
74%
Chad
74%
Dominica
74%
Georgia
74%
Jordan
74%
North Macedonia
74%
Saint Lucia
74%
Somalia
74%
Zimbabwe
74%
Antigua and Barbuda
73%
Bahrain
73%
Belarus
73%
Bosnia and Herzegovina
73%
Ethiopia
73%
Guinea
73%
Kuwait
73%
Kyrgyzstan
73%
Lebanon
73%
Lesotho
73%
Madagascar
73%
Mali
73%
Malta
73%
Moldova
73%
Montenegro
73%
Papua New Guinea
73%
Philippines
73%
Saint Kitts and Nevis
73%
United Arab Emirates
73%
Brunei
72%
Cyprus
72%
Eritrea
72%
Eswatini
72%
Namibia
72%
Rwanda
72%
Saint Vincent and the Grenadines
72%
Senegal
72%
Tunisia
72%
Zambia
72%
Botswana
71%
Central African Republic
71%
East Timor
71%
Ghana
71%
Marshall Islands
71%
Mauritania
71%
Samoa
71%
Seychelles
71%
Tanzania
71%
Togo
71%
Tonga
71%
Trinidad and Tobago
71%
Tuvalu
71%
Benin
70%
Cameroon
70%
Equatorial Guinea
70%
Grenada
70%
Ivory Coast
70%
Kiribati
70%
Liberia
70%
Maldives
70%
Mauritius
70%
Mozambique
70%
Solomon Islands
70%
Sri Lanka
70%
Uganda
70%
Vanuatu
70%
Burkina Faso
69%
Cape Verde
69%
Comoros
69%
Djibouti
69%
Gambia
69%
Nauru
69%
Guinea-Bissau
68%
Palau
68%
Federated States of Micronesia
67%
Gabon
67%
São Tomé and Príncipe
67%
Sierra Leone
67%
Burundi
66%
Malawi
65%
No matching quizzes found
Score Distribution
Percent of People with Each Score
Percentile by Number Answered
Your Score History
You have not taken this quiz